000 00632nam a22002537a 4500
003 UA-OsUOA
001 24430
007 ta
008 20041125b un ||||| |||| 00| 0 ukr d
100 _aФедотов Л. Н.
090 _a316.28
_bФ34
942 _cBK
040 _aUA-OsUOA
_brus
_cUA-OsUOA
_dUA-OsUOA
245 _aСоциология массовой коммуникации
_bУчебник для вузов
300 _a397 с.
955 _a0
041 _arus
080 _a316.28
020 _a5-272-00334-9
260 _aСпб
_bПитер
_c2004
044 _aRU
650 7 _2UDC
999 _c310701
_d310701